[Event "Dabrowica Jastkow Memorial op"]
[Site "Dabrowica"]
[Date "2009.01.03"]
[Round "2.5"]
[White "Szpakiewicz, Andrzej"]
[Black "Grenda, Wojciech"]
[Result "1-0"]
[WhiteElo "1880"]
[BlackElo "1522"]
[PlyCount "31"]
[EventDate "2009.01.02"]
[EventType "swiss"]
[EventRounds "5"]
[EventCountry "POL"]
[SourceTitle "EXT 2023"]
[Source "ChessBase"]
[SourceDate "2022.10.05"]
[SourceVersion "1"]
[SourceVersionDate "2022.10.05"]
[SourceQuality "1"]

1. e4 e6 2. d4 d5 3. Nc3 Nf6 4. Bg5 Be7 5. e5 Nfd7 6. h4 h6 7. Be3 c5 8. Qg4 g6 9. f4 h5 10. Qg3 Nc6 11. Nf3 cxd4 12. Bxd4 Nxd4 13. Nxd4 a6 14. 0-0-0 Nc5 15. Be2 Bd7 16. f5 1-0

[Event "Powiatu Pulawskiego-ch op"]
[Site "Pulawy"]
[Date "2008.06.15"]
[Round "4.4"]
[White "Szpakiewicz, Andrzej"]
[Black "Gora, Joanna"]
[Result "1-0"]
[WhiteElo "1877"]
[BlackElo "1552"]
[PlyCount "31"]
[EventDate "2008.06.13"]
[EventType "swiss"]
[EventRounds "5"]
[EventCountry "POL"]
[SourceTitle "EXT 2023"]
[Source "ChessBase"]
[SourceDate "2022.10.05"]
[SourceVersion "1"]
[SourceVersionDate "2022.10.05"]
[SourceQuality "1"]

1. e4 c5 2. Nf3 g6 3. d4 cxd4 4. Nxd4 Nc6 5. Nc3 Nf6 6. Bc4 Bg7 7. Bb3 0-0 8. Be3 d6 9. f3 a6 10. Qd2 Nxd4 11. Bxd4 b5 12. 0-0-0 Bb7 13. Kb1 Nd7 14. h4 h5 15. g4 hxg4 16. h5 1-0

[Event "Lublin Region-ch"]
[Site "Lublin"]
[Date "2008.02.16"]
[Round "7.10"]
[White "Szpakiewicz, Andrzej"]
[Black "Probola, Bartosz"]
[Result "0-1"]
[WhiteElo "1891"]
[BlackElo "2089"]
[PlyCount "84"]
[EventDate "2008.02.08"]
[EventType "swiss"]
[EventRounds "9"]
[EventCountry "POL"]
[SourceTitle "EXT 2023"]
[Source "ChessBase"]
[SourceDate "2022.10.05"]
[SourceVersion "1"]
[SourceVersionDate "2022.10.05"]
[SourceQuality "1"]

1. e4 c5 2. Nf3 Nc6 3. d4 cxd4 4. Nxd4 g6 5. Nc3 Bg7 6. Be3 Nf6 7. Bc4 0-0 8. Qd2 Ng4 9. Nxc6 bxc6 10. Bd4 Bxd4 11. Qxd4 Qb6 12. Qxb6 axb6 13. h3 Nf6 14. e5 Nh5 15. 0-0-0 Ra5 16. Rde1 d5 17. exd6 exd6 18. Re7 d5 19. Bb3 Nf4 20. Rc7 d4 21. Ne4 c5 22. g3 Ne6 23. Re7 Rd8 24. Bxe6 Bxe6 25. a3 Kf8 26. Rc7 Rc8 27. Rxc8+ Bxc8 28. g4 Be6 29. Re1 h6 30. f4 Ra7 31. Nd6 Re7 32. Kd2 Rd7 33. Nb5 Bc4 34. a4 f6 35. b3 Bd5 36. Kd3 g5 37. fxg5 hxg5 38. Rf1 Kf7 39. Rf2 Kg6 40. Na3 Rh7 41. Rh2 Be6 42. Nc4 Bxg4 0-1